01017nas a2200229Ia 4500001001100000003000900011008004100020040001300061040001300074041001300087100004700100210001200147222001200159245014300171250001100314260002200325501008600347300001700433362003400450500026000484650004300744R142/D0914IT-RoPAU151124c99999999xx |||||||||||| ||und|| aIT-RoPAU cIT-RoPAU aFRANCESE aJaeger ChristinegCodice Aut. SPICS: 37384 aRESEAUX aReseaux aRESEAUX, N.069 (GENNAIO/FEBBRAIO 1995)bGestion Des Espaces De Travail (La): De la Cooperation Contractuelle A la Cooperation Informatisee a1a ed. aPARISbCNETc1995 bPaulus - SPICS - Società San Paolo EM (non-commercial uses only)cCopyright2015 a36 p. [9-44] aN.069 (GENNAIO/FEBBRAIO 1995) aGestione degli Spazi di Lavoro: Dalla Cooperazione Contrattuale Alla Cooperazione Informatizzata. Dallo Spazio Specializzato per Mestiere Allo Spaziospecializzato per Componenti. Spazio Funzionale dell'Impresa Classica. Analisi del Lavoro Alla Citroen ne aCOMUNICAZIONEvPUBBLICAZIONE PERIODICA